000 00471nam a2200181Ia 4500
001 17710
005 20260306171537.0
008 260306s9999||||xx |||||||||||||| ||und||
041 _aESP
082 _a658.15
_bM27I
100 _aMascareñas Pérez-Iñigo, Juan
_eAUT
245 0 _aInnovación financiera:
_baplicaciones para la gestión empresarial
260 _c1999
300 _a270 páginas :
_c
650 _aGEN
654 _aCAN
942 _cLIB
_dJUS
_fJUS
_2ddc
_n
999 _c17710
_d17710